=LDR 00000nam 2200000 4500 =001 NUTBA000000000005536 =005 20141103093625.0 =006 =007 =008 =020 ##$$a 978-979-050-018-1 =035 ##$$a 0010-111400000000015 =040 ##$$a NBPDMAT =082 ##$$a 959.8 =090 ##$$a 959.8 $b Eko s =100 ##$$a Eko Praptanto =245 ##$$a Sejarah indonesia : $b Zaman kedatangan kolonial bangsa - bangsa barat / $c Eko Praptanto =250 ##$$a Cet.1 =260 ##$$a Jakarta : $b Bina Sumber Daya Mipa , $c 2010 =300 ##$$a 128 hlm. : $b ilus. ; $c 25 cm. =500 ##$$a Bibliografi : hlm. 122 - 125 =650 ##$$a Sejarah Kerajaan-Indonesia =850 ##$$a NBPDMAT